000 00634nam a22001697a 4500
003 MACL
005 20150702165340.0
008 150702b xxu||||| |||| 00| 0 eng d
040 _cMACL
041 _aHindi
082 _a741.642
100 _aइन्‍दुरख्‍या,शरद
_9380
245 _aतीन धूर्त/शिवाजी की मर्यादा/करमू/आधी पूंछ वाला राक्षस
260 _aजबलपुर
_bमुकेश पुस्‍तक निलय
_c2010
650 _aचिल्‍ड्रन बुक्‍स
_9343
942 _2ddc
_cHIN
999 _c49958
_d49958